Denmark Squad Euro 2024 - Statistics

General Stats
  • This quiz has been taken 122 times
  • The average score is 17 of 26
Answer Stats
Club Position Answer % Correct
Man United MF Christian Eriksen
98%
Man United FW Rasmus Hojlund
97%
Anderlecht GK Kasper Schmeichel
96%
Barcelona DF Andreas Christensen
94%
Crystal Palace DF Joachim Andersen
84%
RB Leipzig FW Yussuf Poulsen
84%
Tottenham MF Pierre-Emile Hojbjerg
82%
AC Milan DF Simon Kjaer
78%
Sporting CP MF Morten Hjulmand
74%
Brentford MF Mikkel Damsgaard
67%
Wolfsburg FW Jonas Wind
65%
Brentford MF Christian Norgaard
63%
Benfica DF Alexander Bah
60%
Wolfsburg DF Joakim Maehle
60%
Leicester DF Jannik Vestergaard
59%
Anderlecht FW Kasper Dolberg
57%
Brentford MF Mathias Jensen
57%
Bologna DF Victor Kristiansen
57%
Club Brugge FW Andreas Skov Olsen
56%
Union Berlin GK Frederik Ronnow
55%
Roma DF Rasmus Kristensen
54%
Leicester GK Mads Hermansen
51%
Burnley FW Jacob Bruun Larsen
49%
Anderlecht MF Thomas Delaney
41%
Galatasaray DF Victor Nelsson
35%
Anderlecht FW Anders Dreyer
29%
No matching quizzes found
Score Distribution
Percent of People with Each Score
Percentile by Number Answered
Your Score History
You have not taken this quiz